000
00204 a2200097 4500
001
41384
100
_a
Wright, J
245
_a
The Jet engine
260
_a
London
_b
Cassell & co
_c
090
_c
25561
_d
25561
942
_a
NUST-CAE
_c
M
_c
17293
999
_c
276457
_d
276457